| 000 | 00453nam a22001697a 4500 | ||
|---|---|---|---|
| 003 | OSt | ||
| 005 | 20221110195809.0 | ||
| 008 | 221006b |||||||| |||| 00| 0 eng d | ||
| 020 | _a84 482 1921 X | ||
| 040 | _cBiblioteca Lado V | ||
| 082 |
_a750 _bC828v |
||
| 100 |
_ecurador _9378 _aCortes, Jose Miguel G. |
||
| 245 | _aPresentaciones/ | ||
| 260 |
_c1998 _aItalia |
||
| 300 |
_c24x28cm _a229p. |
||
| 942 |
_2ddc _c1 _h750 _iC828v _n0 |
||
| 999 |
_c2584 _d2584 |
||